00362nam a2200145Ia 4500008004100000010001400041040002600055041002600081082001700107100001700124245002300141260002100164300002200185600000900207090201s9999 xx 000 0 und d aKPL-28347 bइंग्रजी aइंग्रजी a29649b28347 a joico book anarac joico book c2004bjaico pub. a178bमोठा anara